000 01095namaa2200325 cb4500
001 DHIM2025011015290018
003 RU-10907106
005 20250110153152.0
007 tu
007 7
008 920527s1980 a||| |||| 00||| und d
020 _a9783657796649
_9978-3-657-79664-9
024 _a9783657796649
_a978-3-657-79664-9
040 _cRU-10907106
041 _ager
100 _aFerhadbegovic, Sabina
_4aut
_917149
245 _aRecht und Gerechtigkeit?
_bAhndung von Menschheitsverbrechen in Jugoslawien zwischen Völkerrecht und Partisanenjustiz (1941-1948)
250 _a2025
264 _aWürzburg
_bBrill | Schöningh
_c2024
300 _a365 Seiten
336 _2rdacontent
_btxt
_aText
337 _2rdamedia
_bbc
_aComputermedien
338 _2rdacarrier
_bcr
_aOnline Ressource
490 _aKrieg in der Geschichte
_v124
500 _aE-Book / Open Access
506 _afrei zugänglich / Bitte beachten Sie die Lizenzbestimmungen im Dokument
655 _aOpen Access
856 _zfrei zugänglich
_uhttps://brill.com/display/title/70567
942 _cEB
_2z
999 _c71989
_d71989